|
|
|
|
| LEADER |
00000nab a2200000 i 4500 |
| 001 |
publ127 |
| 005 |
20220405082233.0 |
| 008 |
220405s2003 hu o 000 zxx d |
| 022 |
|
|
|a 1418-6241
|
| 040 |
|
|
|a BGE Publikációtár Repozitórium
|b hun
|
| 100 |
1 |
|
|a Aszódi Ilona
|
| 245 |
1 |
2 |
|a A fizetésképtelenségi eljárások európai uniós szabályzata
|c Aszódi Ilona
|h [elektronikus dokumentum]
|
| 260 |
|
|
|c 2003
|
| 300 |
|
|
|a 105-110
|
| 490 |
0 |
|
|a EU Working Papers
|v No. 2.
|
| 650 |
|
4 |
|a közgazdaságtudományok
|
| 695 |
|
|
|a Fizetésképtelenség
|
| 695 |
|
|
|a Európai Unió
|
| 856 |
4 |
0 |
|u https://publikaciotar.uni-bge.hu/id/eprint/127/1/ewp_0302_02.pdf
|z Dokumentum-elérés
|